MyGZULibrary

Global business / (Record no. 7333)

MARC details
000 -LEADER
fixed length control field 01364cam a22003134a 4500
001 - CONTROL NUMBER
control field 16042456
003 - CONTROL NUMBER IDENTIFIER
control field GZU
005 - DATE AND TIME OF LATEST TRANSACTION
control field 20210506144016.0
008 - FIXED-LENGTH DATA ELEMENTS--GENERAL INFORMATION
fixed length control field 100106s2011 nyua b 001 0 eng
010 ## - LIBRARY OF CONGRESS CONTROL NUMBER
LC control number 2009052412
020 ## - INTERNATIONAL STANDARD BOOK NUMBER
International Standard Book Number 9780415801942 (hbk : alk. paper)
020 ## - INTERNATIONAL STANDARD BOOK NUMBER
International Standard Book Number 9780203875100 (ebk)
040 ## - CATALOGING SOURCE
Original cataloging agency DLC
Transcribing agency DLC
Modifying agency DLC
050 00 - LIBRARY OF CONGRESS CALL NUMBER
Classification number HF1416
Item number .C947 2011
082 00 - DEWEY DECIMAL CLASSIFICATION NUMBER
Classification number 658.8/4
Edition number 22
100 1# - MAIN ENTRY--PERSONAL NAME
Personal name Czinkota, Michael R.
245 10 - TITLE STATEMENT
Title Global business /
Statement of responsibility, etc. Michael R. Czinkota, Ilkka A. Ronkainen.
260 ## - PUBLICATION, DISTRIBUTION, ETC.
Place of publication, distribution, etc. The Dryden Press :
Name of publisher, distributor, etc. Routledge,
Date of publication, distribution, etc. 1995.
300 ## - PHYSICAL DESCRIPTION
Extent 516p. :
Other physical details ill. ;
500 ## - GENERAL NOTE
General note Includes bibliographical references and index.
504 ## - BIBLIOGRAPHY, ETC. NOTE
Bibliography, etc. note Includes bibliographical references and index.
505 0# - FORMATTED CONTENTS NOTE
Formatted contents note The global imperative -- Establishing the context -- Doing your homework on global markets -- Getting there with customers and suppliers -- Creating a global footprint -- Making communication happen -- Negotiating cultural chasms -- Positioning the product and brand -- Making money -- Discovering and using trends in international business.
650 #0 - SUBJECT ADDED ENTRY--TOPICAL TERM
Topical term or geographic name entry element Export marketing.
650 #0 - SUBJECT ADDED ENTRY--TOPICAL TERM
Topical term or geographic name entry element International trade.
700 1# - ADDED ENTRY--PERSONAL NAME
Personal name Ronkainen, Ilkka A.
906 ## - LOCAL DATA ELEMENT F, LDF (RLIN)
a 7
b cbc
c orignew
d 1
e ecip
f 20
g y-gencatlg
942 ## - ADDED ENTRY ELEMENTS (KOHA)
Source of classification or shelving scheme Library of Congress Classification
Koha item type Books
Classification part 1416
Item part CZI
Call number prefix HF
Call number suffix 1995
Holdings
Withdrawn status Lost status Damaged status Not for loan Collection code Home library Current library Shelving location Date acquired Total Checkouts Full call number Barcode Date last seen Copy number Price effective from Koha item type
        Non-fiction Mashava Campus Library Mashava Campus Library General Stacks 05/06/2021   HF 1416 CZI 1995 B017883 05/06/2021 c.1 05/06/2021 Books